000 00593nam a2200229Ia 4500
003 OSt
005 20221005122607.0
006 a|||||r|||| 00| 0
007 ta
008 221004b |||||||| |||| 00| 0 san d
024 _a54146
037 _cTextual
040 _aCRL
_cCRL
_bsan
041 _2san
_asan
082 _aO15,1D40x, 32L6.1-.2
100 _aChaturvedi Sudhanshu
245 0 _aKalidasasarvaswam
260 _c1976
650 _aSANSKRIT DRAMA
942 _hO15,1D40x, 32L6.1-.2
_cTEXL
_2cc
999 _c1044757
_d1044757